[Event "Case-Pawns"]
[Site "?"]
[Date "1999.02.09"]
[Round "?"]
[White "Kale, S"]
[Black "Ellice, W"]
[Result "1-0"]
[WhiteElo "1843"]
[BlackElo "1963"]
[PlyCount "84"]
[EventDate "1999.??.??"]

1. d4 d5 2. c4 e6 3. Nf3 Nf6 4. g3 Be7 5. Bg2 O-O 6. O-O 6... dxc4 { } 7. a4 {
to prevent -b5 after Nbd2.  Other ways to develop are Qa4, Qc2, Ne5 or even an
immediate Nbd2 since b5 opens Bg2 attack.} 7... Nbd7 8. Nbd2 Rb8 9. Nxc4 { }
9... c5 10. Bf4 Ra8 11. Nd6 { the Nc4 is an important attacker. Here, it gets
traded for the problem Bc8. 11 Qc2 looks to c7 along with allowing Rd1,
looking toward Qd8.} 11... Nd5 12. Nxc8 Rxc8 13. Bd2 {
compare this with the last diagram -- Black has solved his opening problems}
13... N7f6 14. Bg5 Qb6 15. Rb1 Rfd8 16. dxc5 16... Bxc5 {
How can White protect his Queen?} 17. Bd2 Ng4 18. Qe1 Ndf6 19. e3 {
defends attack on f2.} 19... Qb3 (19... Ne4 20. Ba5 {wins the exchange}) 20. h3
Nh6 21. Ne5 { } 21... Nf5 (21... Bd6 {forces the N back since} 22. Bc3 Nd5 23.
Bd4 Qxa4 24. Ra1 Qb3 25. Rxa7 25... Nf5 { Black is better}) 22. Bc3 Nd7 ({
interesting is} 22... Nd5 $5 23. e4 23... Nxg3 $1 24. exd5 { } 24... Nxf1 (
24... exd5 $2 25. Qd1 Qb6 26. a5 { } 26... Qc7 27. Re1) 25. Nxf7 Re8) 23. Qd1 {
offering to get rid of useless Queen, but..} (23. Qe2 Nxe5 24. Bxe5 Be7 25. Qg4
$5 { can White weaken Black King?}) 23... Qxd1 (23... Qb6 24. Nxd7 Qc7 25. Be5
25... Qxd7 {similar to game}) 24. Rfxd1 Nxe5 25. Bxe5 Bd6 26. Bxd6 26... Nxd6 {
this isn't as interesting as earlier} 27. Rbc1 Rxc1 28. Rxc1 {
Rd7 is mandatory, have to believe Black is in time trouble} 28... Kf8 29. Rc7
Rb8 30. Rd7 Nc4 31. b3 { } 31... Ke8 32. Rxb7 Rxb7 33. Bxb7 Nd2 34. b4 { }
34... Nc4 35. Ba6 Nb6 36. e4 e5 37. Kf1 Kd8 38. a5 38... Nd7 { } 39. Ke2 Kc7
40. Bb5 Nf8 41. Bc4 f6 42. Kd3 42... Ng6 {  Black flagged} 1-0

[Event "Case-Pawns"]
[Site "?"]
[Date "1999.02.09"]
[Round "?"]
[White "Reid, C"]
[Black "Lasky, N"]
[Result "0-1"]
[WhiteElo "1445"]
[BlackElo "1392"]
[PlyCount "64"]
[EventDate "1999.??.??"]

1. d4 d5 2. Nf3 Nf6 3. e3 Nc6 4. Bd3 Bg4 5. c4 e6 6. Nbd2 Nb4 7. Be2 Bf5 8.
Qa4+ c6 9. O-O Bd3 10. Bxd3 Nxd3 11. c5 Nxc1 12. Raxc1 Be7 13. Ne5 O-O 14. Qc2
Nd7 15. f4 Nxe5 16. fxe5 Bg5 17. Qd3 f6 18. Nf3 f5 19. Nxg5 Qxg5 20. Rf4 b6 21.
b4 b5 22. Qd1 a5 23. a3 axb4 24. axb4 Ra4 25. Qd2 Rfa8 26. Qf2 Ra2 27. Qf3 Rb2
28. e4 Raa2 29. Rg4 Qxg4 30. Qxg4 fxg4 31. exd5 Rxb4 32. Kh1 Rxd4 0-1

[Event "Pawns-Case"]
[Site "?"]
[Date "1999.02.09"]
[Round "?"]
[White "Logan, H"]
[Black "Weisner, T"]
[Result "1/2-1/2"]
[WhiteElo "1258"]
[BlackElo "1148"]
[PlyCount "75"]
[EventDate "1999.??.??"]

1. c4 e5 2. Nc3 Nc6 3. g3 Nf6 4. Bg2 b6 5. a3 Bb7 6. e3 Rb8 7. d3 Na5 8. Bxb7
Nxb7 9. b4 d6 10. Nf3 Be7 11. Qa4+ Qd7 12. Qxd7+ Nxd7 13. Nb5 c6 14. Nc7+ Kd8
15. Na6 Ra8 16. O-O Re8 17. e4 f6 18. Nh4 Nb8 19. b5 Nxa6 20. bxa6 Nc5 21. Nf5
Bf8 22. Rd1 Nxa6 23. d4 Kd7 24. d5 c5 25. Bd2 Kc7 26. Rab1 Nb8 27. a4 Nd7 28.
a5 g6 29. Nh4 Be7 30. f3 Nf8 31. Rf1 g5 32. Nf5 Ng6 33. Ng7 Rg8 34. Ne6+ Kd7
35. a6 Nf8 36. Nxf8+ Bxf8 37. h3 h6 38. g4 1/2-1/2

[Event "Pawns-Case"]
[Site "?"]
[Date "1999.02.09"]
[Round "?"]
[White "Mikulecky, R"]
[Black "Klinefelter, H"]
[Result "1-0"]
[WhiteElo "1433"]
[BlackElo "1571"]
[PlyCount "51"]
[EventDate "1999.??.??"]

1. e4 e5 2. Nf3 Nc6 3. Bb5 d6 4. Bxc6+ bxc6 5. Nc3 Nf6 6. d4 Bg4 7. dxe5 Bxf3
8. Qxf3 dxe5 9. O-O Qb8 10. b3 Be7 11. Qf5 Bd6 12. Bh6 Qc8 13. Qxc8+ Rxc8 14.
Bxg7 Rg8 15. Bxf6 Rg6 16. Bh4 f6 17. Ne2 Kf7 18. Ng3 Rcg8 19. f3 Bc5+ 20. Kh1
Be3 21. Rae1 Bg5 22. Bxg5 Rxg5 23. Rd1 Ke8 24. Rf2 h5 25. Rfd2 R5g7 26. Nxh5
1-0

[Event "Motorola-Kemper"]
[Site "?"]
[Date "1999.02.11"]
[Round "?"]
[White "Melnikov, I"]
[Black "Siwek, M"]
[Result "1/2-1/2"]
[WhiteElo "2060"]
[BlackElo "2039"]
[PlyCount "37"]
[EventDate "1999.??.??"]

1. d4 Nf6 2. Nf3 d5 3. c4 e6 4. g3 c5 5. cxd5 exd5 6. Bg2 Nc6 7. O-O Be6 8. Nc3
Be7 9. Bf4 O-O 10. Rc1 cxd4 11. Nxd4 Nxd4 12. Qxd4 Qd7 13. Na4 b6 14. Rc7 Qd8
15. Rfc1 Ne8 16. R7c2 Qd7 17. Nc3 Nf6 18. b4 Rac8 19. a3 1/2-1/2

[Event "Motorola-Kemper"]
[Site "?"]
[Date "1999.02.11"]
[Round "?"]
[White "Augsburger, L"]
[Black "Cummuta, P"]
[Result "1-0"]
[WhiteElo "1751"]
[BlackElo "1477"]
[PlyCount "67"]
[EventDate "1999.??.??"]

1. e4 d5 2. exd5 a6 3. Nf3 Nf6 4. d4 Nxd5 5. c4 Nf6 6. Be2 e6 7. O-O Be7 8. Nc3
O-O 9. Bg5 c5 10. d5 exd5 11. cxd5 b5 12. Rc1 Bb7 13. Bxf6 Bxf6 14. Qb3 Re8 15.
Rfe1 c4 16. Bxc4 Rxe1+ 17. Rxe1 Qd7 18. Nxb5 g6 19. Nc3 a5 20. Ne4 Bg7 21. Nc5
a4 22. Qxb7 Qxb7 23. Nxb7 Nd7 24. Nd6 Nb6 25. Ne5 Nxc4 26. Ndxc4 Rd8 27. d6 Bf8
28. d7 f6 29. Ng4 Kf7 30. Nb6 h5 31. Ne3 a3 32. bxa3 Bxa3 33. Nec4 Bb4 34. Re2
1-0

[Event "Kemper-Motorola"]
[Site "?"]
[Date "1999.02.11"]
[Round "?"]
[White "Olsen, A"]
[Black "Samuelson, C"]
[Result "0-1"]
[WhiteElo "1522"]
[BlackElo "1930"]
[PlyCount "96"]
[EventDate "1999.??.??"]

1. e4 e6 2. d4 d5 3. e5 c5 4. c3 Nc6 5. Bb5 Bd7 6. Bxc6 Bxc6 7. Ne2 Ne7 8. Bg5
Qb6 9. b3 Nf5 10. O-O Bb5 11. Be3 cxd4 12. cxd4 Bb4 13. Kh1 Qa6 14. Nbc3 Bxc3
15. Nxc3 Bxf1 16. Qxf1 Qxf1+ 17. Rxf1 O-O 18. g4 Nxe3 19. fxe3 a6 20. g5 Rfc8
21. Na4 Rc6 22. Nc5 Ra7 23. Rf2 b6 24. Nd3 Rac7 25. Nb4 Rc1+ 26. Kg2 a5 27. Nd3
R1c3 28. Ne1 Rc1 29. Re2 Ra1 30. Nf3 b5 31. Kh3 Rb1 32. Kh4 a4 33. bxa4 bxa4
34. Kg4 a3 35. Rd2 Rb2 36. Rd3 Rxa2 37. Rb3 Rc8 38. Ne1 Re2 39. Rb1 a2 40. Ra1
Rb8 41. Rc1 Rxe1 42. Rxe1 Rb1 43. Re2 a1=Q 44. Rc2 Rg1+ 45. Kh3 Qf1+ 46. Kh4
Qe1+ 47. Kh5 Qd1+ 48. Kh4 Qg4# 0-1

[Event "Kemper-Motorola"]
[Site "?"]
[Date "1999.02.11"]
[Round "?"]
[White "McKinney, T"]
[Black "Thomson, J"]
[Result "0-1"]
[WhiteElo "1307"]
[BlackElo "1495"]
[PlyCount "90"]
[EventDate "1999.??.??"]

1. e4 c5 2. Nf3 d6 3. Bb5+ Bd7 4. Bxd7+ Qxd7 5. O-O Nc6 6. c4 g6 7. d3 Bg7 8.
Qa4 Nb4 9. Qxd7+ Kxd7 10. Na3 Nxd3 11. Rb1 Nb4 12. Ra1 e6 13. Nb5 a6 14. Nc3
Bxc3 15. bxc3 Nc6 16. Rb1 Rb8 17. a4 Na5 18. Bf4 e5 19. Nxe5+ dxe5 20. Bxe5 Ne7
21. Rfd1+ Ke6 22. Bxh8 Rxh8 23. Rb6+ Nec6 24. Rd5 Re8 25. Rxc5 Kd7 26. Rd5+ Kc7
27. Rb2 Rxe4 28. f3 Rxc4 29. Rbd2 Kb6 30. Rd7 Ne5 31. R7d6+ Nac6 32. R2d5 Rc5
33. Rxc5 Kxc5 34. Rf6 Nd8 35. f4 Nc4 36. g4 Nb6 37. a5 Nd5 38. Rb6 Nxb6 39.
axb6 Kxb6 40. Kf1 Kc5 41. Ke2 Kc4 42. Kd2 Ne6 43. f5 Nc5 44. fxg6 fxg6 45. h3
Ne4+ 0-1

[Event "BankAm-Reader"]
[Site "?"]
[Date "1999.02.17"]
[Round "?"]
[White "Kogan, G"]
[Black "Atkinson, J"]
[Result "0-1"]
[WhiteElo "1870"]
[BlackElo "1880"]
[PlyCount "64"]
[EventDate "1999.??.??"]

1. e4 e6 2. d4 d5 3. Nc3 Nf6 4. Bd3 c5 5. exd5 cxd4 6. Nb5 e5 7. d6 Bxd6 8.
Nxd6+ Qxd6 9. Nf3 O-O 10. Nd2 Nc6 11. a3 Bg4 12. Ne4 Nxe4 13. Qxg4 Nf6 14. Qg3
Nh5 15. Qh4 g6 16. Bg5 Nf4 17. O-O Nxd3 18. cxd3 f6 19. Bd2 Rf7 20. f4 exf4 21.
Bxf4 Qd5 22. Bh6 g5 23. Qg3 Qe5 24. Qg4 Qe3+ 25. Kh1 Ne5 26. Qf5 Qxd3 27. Qxd3
Nxd3 28. Rad1 Ne5 29. Rxd4 Rd7 30. Re4 Nf7 31. Bxg5 fxg5 32. Re6 Rad8 0-1

[Event "Reader-BankAm"]
[Site "?"]
[Date "1999.02.17"]
[Round "?"]
[White "Henderson, H"]
[Black "Fraats, D"]
[Result "1-0"]
[WhiteElo "1831"]
[BlackElo "1808"]
[PlyCount "35"]
[EventDate "1999.??.??"]

1. d4 Nf6 2. c4 g6 3. Nc3 d5 4. cxd5 Nxd5 5. Nf3 Bg7 6. Qb3 c6 7. e4 Nc7 8. Be3
Ne6 9. Rd1 Qb6 10. Bc4 Qxb3 11. Bxb3 Na6 12. O-O Bd7 13. Ne5 Bxe5 14. dxe5 Nec5
15. Bc2 O-O 16. b4 Nxb4 17. Bxc5 Nxc2 18. Rfe1 1-0

[Event "Reader-BankAm"]
[Site "?"]
[Date "1999.02.17"]
[Round "?"]
[White "Sullivan, C"]
[Black "Siegel, R"]
[Result "0-1"]
[WhiteElo "1463"]
[BlackElo "1443"]
[PlyCount "236"]
[EventDate "1999.??.??"]

1. e4 e6 2. d4 Nc6 3. Be3 Bb4+ 4. c3 Ba5 5. a4 a6 6. Nd2 d5 7. e5 Nge7 8. Bd3
O-O 9. Nh3 Nf5 10. Bg5 Qe8 11. Nf3 Rb8 12. Bd2 b5 13. b4 Bb6 14. axb5 axb5 15.
Nfg5 Nce7 16. Nf4 Ng6 17. Qh5 h6 18. Nf3 Bd7 19. g4 Nfe7 20. Nh4 Nxh4 21. Qxh4
f5 22. g5 Ng6 23. Nxg6 Qxg6 24. Be2 c6 25. Rg1 Bd8 26. Bh5 Qh7 27. Qg3 hxg5 28.
Bxg5 Qxh5 29. Bxd8 Rf7 30. Bf6 Qh6 31. h4 Kf8 32. Bg5 Qh5 33. Bf6 Qh6 34. Bg5
Qh5 35. Qf4 Re8 36. f3 Rc8 37. Rg2 Be8 38. Rga2 Kg8 39. Qg3 Kh7 40. Ra7 Bd7 41.
Ra8 Rg8 42. Kf2 Rc8 43. Rxc8 Bxc8 44. Ra8 Bd7 45. Bf6 gxf6 46. Qg8+ Kh6 47.
Qh8+ Rh7 48. Qf8+ Rg7 49. Qxf6+ Kh7 50. Qd8 Kh6 51. Qf6+ Kh7 52. Rf8 Qg6 53.
Qxg6+ Kxg6 54. Rh8 Rh7 55. Rd8 f4 56. Kg2 Kh6 57. Kh3 Kh5 58. Rg8 Rf7 59. Rh8+
Kg6 60. Kg4 Rh7 61. Rg8+ Rg7 62. Rf8 Rf7 63. h5+ Kg7 64. Rxf7+ Kxf7 65. Kg5 Kg7
66. Kxf4 Kh6 67. Kg4 Be8 68. Kh4 Bxh5 69. Kg3 Kg6 70. f4 Kf5 71. Kh4 Bd1 72.
Kg3 Be2 73. Kf2 Bh5 74. Kg3 Be2 75. Kf2 Bd1 76. Ke3 Bh5 77. Kd3 Kxf4 78. Kd2
Bg6 79. Ke2 Bb1 80. Kf2 Ke4 81. Ke2 Bc2 82. Kd2 Bb3 83. Ke2 Bc4+ 84. Kd2 Bd3
85. Kd1 Ke3 86. Kc1 Ke2 87. Kb2 Kd1 88. Kb3 Kc1 89. Ka2 Kc2 90. Ka3 Kxc3 91.
Ka2 Kxb4 92. Kb2 Kc4 93. Kc1 Kxd4 94. Kd2 Be4 95. Ke2 Kxe5 96. Ke3 b4 97. Kd2
b3 98. Kc3 Bc2 99. Kd2 d4 100. Kc1 c5 101. Kb2 c4 102. Kc1 d3 103. Kd2 Kd4 104.
Kc1 Ke3 105. Kb2 Kd2 106. Ka1 e5 107. Kb2 e4 108. Ka1 e3 109. Kb2 e2 110. Ka1
e1=Q+ 111. Kb2 Qb1+ 112. Ka3 Qa1+ 113. Kb4 b2 114. Kc5 b1=Q 115. Kd5 Qa5+ 116.
Ke4 Qe1+ 117. Kf4 Qae5+ 118. Kg4 Q1g3# 0-1

[Event "BankAm-Reader"]
[Site "?"]
[Date "1999.02.17"]
[Round "?"]
[White "Zoellner, J"]
[Black "Marquez, N"]
[Result "1-0"]
[WhiteElo "1446"]
[BlackElo "1203"]
[PlyCount "91"]
[EventDate "1999.??.??"]

1. e4 Nc6 2. Nf3 e5 3. Bb5 Nd4 4. Ba4 Bd6 5. c3 Ne6 6. d4 exd4 7. cxd4 Nf6 8.
Bc2 Bb4+ 9. Bd2 Bxd2+ 10. Nbxd2 d5 11. e5 Nf4 12. O-O N6h5 13. Re1 O-O 14. Rc1
Be6 15. Nf1 b6 16. Ne3 g6 17. a3 a5 18. b4 b5 19. bxa5 Rxa5 20. Ra1 c6 21. Qd2
Bd7 22. Qc3 Ne6 23. a4 h6 24. axb5 Rxb5 25. Ng4 Kh7 26. Ba4 Rb6 27. Rab1 Ra6
28. Bc2 Ra5 29. Qe3 Ng5 30. Nxg5+ Qxg5 31. Qxg5 hxg5 32. Nf6+ Nxf6 33. exf6 c5
34. dxc5 Rxc5 35. Bb3 Be6 36. h3 Re8 37. Re5 d4 38. Rxc5 Bxb3 39. Rxb3 Re1+ 40.
Kh2 Re6 41. Rxg5 Rxf6 42. Rd3 Rd6 43. Rg4 Rf6 44. f3 Ra6 45. Rdxd4 Ra2 46. Rd7
1-0

[Event "Reader-BankAm"]
[Site "?"]
[Date "1999.02.17"]
[Round "?"]
[White "Marsh, M"]
[Black "Hammond, M"]
[Result "0-1"]
[WhiteElo "1117"]
[BlackElo "1385"]
[PlyCount "83"]
[EventDate "1999.??.??"]

1. e4 e5 2. Nf3 Nc6 3. Bc4 Nd4 4. Nxd4 exd4 5. Qf3 f6 6. Bxg8 Rxg8 7. Qh5+ g6
8. Qe2 Qe7 9. O-O b6 10. d3 Bb7 11. Bf4 f5 12. Re1 O-O-O 13. Nd2 Qh4 14. Bg3
Qg5 15. Nf3 Qe7 16. Nxd4 Bg7 17. c3 Rde8 18. exf5 Qf7 19. fxg6 Qxg6 20. Qd2 h5
21. f3 Ba6 22. Rxe8+ Rxe8 23. Bf4 Bf8 24. Re1 Rxe1+ 25. Qxe1 Bc5 26. Qg3 Qf7
27. b4 Bxd4+ 28. cxd4 d6 29. Qh3+ Kb8 30. Bg5 Qxa2 31. Qxh5 Qa1+ 32. Kf2 Qxd4+
33. Be3 Qxb4 34. f4 Qb2+ 35. Qe2 Qg7 36. g4 c5 37. f5 Qh8 38. Qe1 Qb2+ 39. Qe2
Qb3 40. Qe1 Qxd3 41. f6 Qe4 42. Qe2 0-1

[Event "Northrop-Exemplars"]
[Site "?"]
[Date "1999.02.23"]
[Round "?"]
[White "Minin, S"]
[Black "Benesa, A"]
[Result "0-1"]
[WhiteElo "2126"]
[BlackElo "2243"]
[PlyCount "80"]
[EventDate "1999.??.??"]

1. d4 Nf6 2. c4 g6 3. Nc3 d5 4. cxd5 Nxd5 5. e4 Nxc3 6. bxc3 Bg7 7. Rb1 O-O 8.
Bc4 c5 9. Ne2 Nc6 10. Be3 cxd4 11. cxd4 Na5 12. Bd3 b6 13. O-O Bb7 14. Qd2 Rc8
15. Rfc1 Qd7 16. Bh6 Bxh6 17. Qxh6 Qa4 18. Nf4 Qxd4 19. Rd1 Qe5 20. Re1 Rfd8
21. Re3 Qg7 22. Qg5 Rd7 23. e5 Rdc7 24. h4 h6 25. Qg4 Nc4 26. Bxc4 Rxc4 27. e6
f5 28. Qg3 g5 29. hxg5 hxg5 30. Nh5 Qg6 31. Qe5 Re4 32. Qb5 Rxe3 33. fxe3 Qxe6
34. Qb3 Qxb3 35. axb3 Rc3 36. Ng3 e6 37. Nf1 Rc2 38. Kh2 Bxg2 39. Kg3 Bxf1 40.
Rxf1 Rc3 0-1

[Event "Exemplars-Northrop"]
[Site "?"]
[Date "1999.02.23"]
[Round "?"]
[White "Inumerable, F"]
[Black "Walker, A"]
[Result "1-0"]
[WhiteElo "2289"]
[BlackElo "1670"]
[PlyCount "77"]
[EventDate "1999.??.??"]

1. d4 Nf6 2. Nf3 d5 3. g3 Nfd7 4. Bg2 c6 5. O-O g6 6. b3 Bg7 7. c4 O-O 8. Nc3
Re8 9. Bb2 dxc4 10. bxc4 e5 11. e3 exd4 12. Nxd4 Qc7 13. Ba3 Bf8 14. Bxf8 Nxf8
15. a4 Be6 16. Qb3 Nbd7 17. Nxe6 Rxe6 18. Rfb1 Nc5 19. Qb4 Nfd7 20. a5 Rb8 21.
Ne2 Qe5 22. Nd4 Ree8 23. Qa3 Ne4 24. Ra2 Ndc5 25. Rab2 Rec8 26. h3 Qe8 27. Bxe4
Nxe4 28. Rxb7 Nd2 29. Rxb8 Nxb1 30. Rxb1 c5 31. Nb3 Qe6 32. Nd2 Qxh3 33. Qc3 h5
34. Qf6 Qd7 35. Nf3 Qd3 36. Rb7 Qxc4 37. Ne5 Rd8 38. Rxf7 Qd5 39. Qg7# 1-0

[Event "Northrup-Exemplars"]
[Site "?"]
[Date "1999.02.23"]
[Round "?"]
[White "Vigants, A"]
[Black "Gazmen, B"]
[Result "0-1"]
[WhiteElo "1608"]
[BlackElo "2074"]
[PlyCount "100"]
[EventDate "1999.??.??"]

1. d4 g6 2. e3 Bg7 3. Bd3 c5 4. c3 b6 5. f4 Bb7 6. Nf3 Nf6 7. O-O Qc7 8. Nbd2
cxd4 9. cxd4 Nc6 10. Nc4 Nb4 11. Be2 O-O 12. Bd2 Nbd5 13. Rc1 Qb8 14. Bd3 d6
15. Qe2 Nc7 16. Bc3 Ne6 17. Ncd2 a6 18. f5 Nd8 19. fxg6 fxg6 20. e4 b5 21. d5
b4 22. Bxb4 Ng4 23. Bc3 Qa7+ 24. Kh1 Rc8 25. h3 Nf6 26. Ng5 h6 27. Ngf3 Nh5 28.
Kh2 Nf4 29. Qd1 Nxd3 30. Rc2 Bxc3 31. bxc3 Nf7 32. Nb3 Nf4 33. Nbd4 a5 34. Qd2
Ba6 35. Nc6 Rxc6 36. Qxf4 Rcc8 37. Rd1 Kh7 38. Nd4 Ne5 39. Qg3 Rf6 40. Ne6 Bb5
41. Rdc1 Bd3 42. Rd2 Bxe4 43. c4 Bf5 44. Nf4 Rxc4 45. Rxc4 Nxc4 46. Re2 Ne5 47.
Qc3 Bd7 48. g3 g5 49. Ng2 Nf3+ 50. Kh1 Qg1# 0-1

[Event "Exemplars-Northrop"]
[Site "?"]
[Date "1999.02.23"]
[Round "?"]
[White "Sollano, E"]
[Black "Fong, R"]
[Result "1-0"]
[WhiteElo "1938"]
[BlackElo "1401"]
[PlyCount "141"]
[EventDate "1999.??.??"]

1. Nf3 d5 2. d3 Nf6 3. g3 e6 4. Bg2 Be7 5. O-O O-O 6. Nbd2 Nbd7 7. e4 dxe4 8.
dxe4 e5 9. Qe2 b6 10. Rd1 Bb7 11. Nh4 g6 12. Nb3 Qb8 13. Bg5 Re8 14. Re1 c5 15.
Rad1 Qc7 16. Nd2 Rad8 17. b3 Kh8 18. Qc4 a6 19. a4 Kg7 20. Qe2 Ng8 21. Be3 Nf8
22. Qg4 Bc8 23. Qf3 Nf6 24. h3 Be6 25. Qe2 Qc8 26. Kh2 Ng8 27. Nhf3 f6 28. Nf1
Rxd1 29. Rxd1 Rd8 30. g4 Rxd1 31. Qxd1 Qc6 32. Ng3 b5 33. axb5 axb5 34. Qa1 Qb7
35. g5 Bd6 36. Qa5 Bd7 37. c4 Ne6 38. cxb5 Bxb5 39. gxf6+ Nxf6 40. Ng5 Nxg5 41.
Bxg5 Bd7 42. Qc3 Qb6 43. Be3 Bc8 44. Qd2 Qc6 45. Bh6+ Kf7 46. Qg5 Qc7 47. Qc1
Qc6 48. Qc3 Qd7 49. Be3 Qc6 50. Bf3 Qc7 51. Qa1 Qb7 52. Bg2 Qb6 53. Qc3 Qc6 54.
Bc1 Qb6 55. Bb2 Qc7 56. f4 Nd7 57. f5 g5 58. Qc1 h6 59. Nf1 Nf6 60. Ne3 Qd7 61.
Qa1 Qe7 62. Qa5 Qd7 63. Ba3 Qc6 64. Qa7+ Qd7 65. Qa8 Qe8 66. Qa7+ Qd7 67. Qb6
Bf8 68. Bb2 Qd6 69. Qa5 Bb7 70. Nc4 Qd7 71. Nxe5+ 1-0

[Event "Northrop-Exemplars"]
[Site "?"]
[Date "1999.02.23"]
[Round "?"]
[White "Elek, G"]
[Black "Friske, T"]
[Result "0-1"]
[WhiteElo "1086"]
[BlackElo "1940"]
[PlyCount "84"]
[EventDate "1999.??.??"]

1. e4 Nf6 2. Nc3 d5 3. exd5 Nxd5 4. Nxd5 Qxd5 5. Qf3 Qc5 6. c3 e5 7. Qe3 Be7 8.
Qxc5 Bxc5 9. Bc4 O-O 10. Ne2 Nc6 11. O-O Bf5 12. d3 Rad8 13. Rd1 Be7 14. b4 Rd7
15. Ng3 Bg6 16. Be3 Rfd8 17. Rd2 a6 18. Rad1 b5 19. Bb3 Rxd3 20. Rxd3 Rxd3 21.
Rxd3 Bxd3 22. Bd5 Nd8 23. Ne4 c6 24. Nc5 Bxc5 25. Bxc5 cxd5 26. Bb6 Ne6 27. Be3
Kf8 28. f3 Ke7 29. Kf2 Kd6 30. g3 d4 31. Bd2 Kd5 32. cxd4 exd4 33. g4 Kc4 34.
Kg3 Bb1 35. a3 Kd3 36. Be1 Ke2 37. Bf2 d3 38. Kg2 d2 39. Kg3 d1=Q 40. Kg2 Qf1+
41. Kg3 Qxf2+ 42. Kh3 Nf4# 0-1

[Event "CCDOC-Pawns"]
[Site "?"]
[Date "1999.02.22"]
[Round "?"]
[White "Williams, K"]
[Black "Ellice, W"]
[Result "1/2-1/2"]
[WhiteElo "1968"]
[BlackElo "1938"]
[PlyCount "51"]
[EventDate "1999.??.??"]

1. e4 c6 2. d4 d5 3. exd5 cxd5 4. Bd3 Nc6 5. c3 Nf6 6. Ne2 Bg4 7. f3 Bh5 8. Nf4
Bg6 9. Nxg6 hxg6 10. Bf4 e6 11. Qb3 Qd7 12. Na3 a6 13. g4 b5 14. Kf2 Bd6 15.
Bg3 b4 16. Nb1 Bxg3+ 17. Kxg3 Qd6+ 18. Kg2 Qf4 19. Qd1 Rh4 20. Qd2 g5 21. Qxf4
gxf4 22. Nd2 Ke7 23. a3 bxc3 24. bxc3 Rhh8 25. Rab1 Rhb8 26. Rb3 1/2-1/2

[Event "Pawns-CCDOC"]
[Site "?"]
[Date "1999.02.22"]
[Round "?"]
[White "Mikulecky, B"]
[Black "Seaton, E"]
[Result "1/2-1/2"]
[WhiteElo "1451"]
[BlackElo "1676"]
[PlyCount "110"]
[EventDate "1999.??.??"]

1. e4 b6 2. Nf3 Bb7 3. d4 e6 4. Nc3 Nf6 5. Bc4 { } 5... Nxe4 6. Nxe4 Bxe4 7.
Qe2 d5 8. Bd3 Bxd3 9. Qxd3 { } 9... h6 10. O-O Bd6 11. Be3 Nd7 12. h3 12... Nf6
{ } 13. Nd2 O-O 14. Kh1 Nh5 15. Rg1 { } 15... Bf4 16. Nf3 Qd6 17. Rae1 { }
17... Nf6 18. Re2 Ne4 19. a3 Rae8 20. Bxf4 20... Qxf4 { } 21. g3 Qf5 22. Kh2
22... g5 { } 23. Qe3 Nf6 24. Ne5 { } 24... Kh7 25. f3 h5 26. Rf2 h4 27. gxh4
27... Qf4+ { Returning the extra P, but White's Ps are scattered} 28. Qxf4 gxf4
29. Rfg2 { } 29... Nh5 $2 (29... c5 {
to cause trouble with Rc8/Rb8-b3 depending how White trades Ps}) 30. Ng4 (30.
Rg5 $1 { threat: RxN#} 30... Ng3 (30... Kh6 $4 31. Ng4+) (30... Nf6 $2 31. Nd7
$1) 31. Nd3) 30... Rg8 31. Nf2 { } 31... Rg3 $1 32. Nd3 Rxf3 33. Rg4 { } 33...
Rg3 (33... f5 34. Rg5 Ng3 35. Nxf4 Rxf4 36. R5xg3 Re7 (36... Rf2+ $2 37. Kh1
Re7 38. Rg5 Kh6 39. Rg6+ 39... Kh7 $11) 37. Rg5 Rxh4) 34. Nxf4 Rxg1 35. Kxg1
Nxf4 36. Rxf4 { } 36... f5 (36... Kg7 {
threat: -c5 & -Rc8. see analysis at move 39} 37. Rg4+ Kf8 38. h5 f6 39. h6
39... Re7 { highlights why these h-Pawns are useless} 40. Rf4 (40. Rh4 Kg8 41.
Rf4 41... Rf7 {idea -e5}) 40... Rf7 41. h7 Kg7 42. Rh4 Rf8) 37. Kf2 Kh6 38. a4
Kg6 39. c3 { } 39... e5 {this weakens the f-passer} (39... c5 40. dxc5 $2 (40.
b3 40... Rc8 {and will invade} (40... cxd4 41. Rxd4 Rc8 42. Rd3 Kh5 43. Kg3
Rg8+ 44. Kf4 Kxh4 45. Ke5 45... Rg6 { } 46. c4 dxc4 47. bxc4 {
White can't play Rd6-e6 because after R trades, K can't stop f-Pawn})) 40...
bxc5 {and -e5 has the passer duo moving}) 40. dxe5 Rxe5 41. Rd4 { } 41... c5 {
Black is still winning} 42. Rf4 Re4 43. Rxe4 fxe4 44. Ke3 Kh5 45. c4 { } 45...
d4+ 46. Kxe4 Kxh4 47. b4 {
Black wins since White's King has to stay in front of d-Pawn} 47... cxb4 $2 (
47... Kxh3 48. bxc5 48... bxc5 { is simple}) 48. Kxd4 48... Kxh3 {
Black threatens -a5 and wins} 49. a5 Kg4 (49... bxa5 $4 {White wins with c-Pawn
} 50. c5 a4 51. Kc4 (51. c6 {and will queen with check!}) 51... a3 52. Kb3) 50.
axb6 axb6 51. Kd3 Kf5 52. Kc2 Ke5 53. Kb3 { } 53... Kd6 (53... Ke4) 54. Kxb4
Kc6 55. Kc3 Kc5 1/2-1/2

[Event "CCDOC-Pawns"]
[Site "?"]
[Date "1999.02.22"]
[Round "?"]
[White "Jackson, S"]
[Black "Lasky, N"]
[Result "1-0"]
[WhiteElo "1384"]
[BlackElo "1392"]
[PlyCount "135"]
[EventDate "1999.??.??"]

1. e4 e5 2. Bc4 Nf6 3. d3 Bb4+ 4. c3 Be7 5. Nf3 Nc6 6. O-O O-O 7. a3 d6 8. h3
h6 9. Be3 a6 10. Nbd2 Bd7 11. Nh2 Nh7 12. f4 Bf6 13. f5 Bg5 14. Bf2 Na5 15. Ba2
Kh8 16. Ndf3 g6 17. h4 Bf6 18. Bxf7 gxf5 19. Bg6 f4 20. d4 Rg8 21. h5 Nf8 22.
dxe5 dxe5 23. Qd5 Nxg6 24. hxg6 c6 25. Qa2 b5 26. Rad1 Rxg6 27. Qf7 Rg7 28. Qh5
Kh7 29. Nxe5 Bxe5 30. Qxe5 Qg5 31. Qxg5 hxg5 32. Bd4 Rg6 33. Nf3 Bg4 34. Kf2
Rag8 35. Rh1+ Rh6 36. Rxh6+ Kxh6 37. Rh1+ Bh5 38. Bf6 Nc4 39. Bxg5+ Rxg5 40.
Nxg5 Kxg5 41. b3 Nxa3 42. Ra1 Nc2 43. Rxa6 Be8 44. Ra8 Bg6 45. Rg8 Kf6 46. Rf8+
Kg5 47. Rg8 Kf6 48. Kf3 Kg5 49. g3 Ne1+ 50. Ke2 Ng2 51. Kf2 fxg3+ 52. Kxg2 Kf6
53. e5+ Kf7 54. Rd8 Be4+ 55. Kxg3 Ke6 56. Kf4 Bd5 57. Rd6+ Ke7 58. Ke3 Bxb3 59.
Rxc6 Bc4 60. Kd4 Bf7 61. Kc5 Bc4 62. Rb6 Kf7 63. Kd6 Ke8 64. e6 Kf8 65. e7+ Kf7
66. Kd7 Be6+ 67. Rxe6 b4 68. cxb4 1-0

[Event "Pawns-CCDOC"]
[Site "?"]
[Date "1999.02.22"]
[Round "?"]
[White "Logan, H"]
[Black "Rojo, V"]
[Result "0-1"]
[WhiteElo "1252"]
[BlackElo "1388"]
[PlyCount "75"]
[EventDate "1999.??.??"]

1. c4 e5 2. Nc3 Bc5 3. a3 Nf6 4. b4 Bd4 5. Bb2 Bxf2+ 6. Kxf2 Ng4+ 7. Ke1 Qf6 8.
Ne4 Qf4 9. d3 Ne3 10. Nf3 Nxd1 11. Kxd1 d6 12. g3 Qh6 13. Bc1 Qe6 14. Neg5 Qf6
15. Ne4 Qe7 16. Bg5 f6 17. Be3 O-O 18. Nc3 h6 19. Nd5 Qd7 20. Nh4 Kh7 21. Bg2
c6 22. Nc3 Qe7 23. h3 Be6 24. a4 Nd7 25. Be4+ Kg8 26. Ng6 Qf7 27. Nxf8 Rxf8 28.
g4 Kh8 29. Rf1 d5 30. cxd5 cxd5 31. Bf5 Bxf5 32. gxf5 d4 33. Bd2 Qb3+ 34. Kc1
dxc3 35. Be3 a6 36. Rb1 Qa3+ 37. Kc2 Qa2+ 38. Kxc3 0-1

[Event "CCDOC-Pawns"]
[Site "?"]
[Date "1999.02.22"]
[Round "?"]
[White "Appleberry, T"]
[Black "Weisner, T"]
[Result "1-0"]
[WhiteElo "1339"]
[BlackElo "1147"]
[PlyCount "46"]
[EventDate "1999.??.??"]

1. e4 e5 2. Nf3 Nc6 3. d4 d5 4. dxe5 dxe4 5. Qxd8+ Nxd8 6. Ng5 Bf5 7. Be3 h6 8.
Nh3 Ne7 9. Nc3 Ndc6 10. Bb5 a6 11. Bxc6+ Nxc6 12. Nd5 Rc8 13. O-O-O Nb4 14.
Nxb4 Bxb4 15. a3 Be7 16. Rhf1 Rd8 17. Rde1 O-O 18. f3 Bh4 19. Re2 exf3 20. gxf3
Bxh3 21. Rg1 Rd5 22. Bxh6 Re8 23. Bxg7 Rdxe5 1-0